00329nam a2200121Ia 4500008004100000082001800041100001700059245003500076260001800111300000800129630003500137730003500172100122s9999 xx 000 0 und d b25933a923.38 aPHELAN JAMES aHAWARD HUGHES:THE HIDDEN YEARS bCOLLINSc1977 a201 aHAWARD HUGHES:THE HIDDEN YEARS aHAWARD HUGHES:THE HIDDEN YEARS